Lógica y teoría del conocimiento (Registro nro. 3575)

Detalles MARC
000 -LEADER
fixed length control field 01245 a2200217 4500
001 - CONTROL NUMBER
control field 42235
005 - DATE AND TIME OF LATEST TRANSACTION
control field 20260407155711.0
008 - FIXED-LENGTH DATA ELEMENTS--GENERAL INFORMATION
fixed length control field 260407a1960 arg spa d
003 - CONTROL NUMBER IDENTIFIER
control field AR-UNSa-BCEJYS
040 ## - CATALOGING SOURCE
Original cataloging agency AR-UNSa-BCEJYS
Language of cataloging spa
Transcribing agency AR-UNSa-BCEJYS
080 ## - UNIVERSAL DECIMAL CLASSIFICATION NUMBER
Universal Decimal Classification number 16
Common auxiliary subdivision Lógica. Epistemología. Teoría del conocimiento
041 ## - LANGUAGE CODE
Language code of text/sound track or separate title spa
100 1# - MAIN ENTRY--PERSONAL NAME
Personal name Fatone, Vicente
245 10 - TITLE STATEMENT
Title Lógica y teoría del conocimiento
Name of part/section of a work para la enseñanza secundaria
250 ## - EDITION STATEMENT
Edition statement 8a. ed.
264 #1 - PRODUCTION, PUBLICATION, DISTRIBUTION, MANUFACTURE, AND COPYRIGHT NOTICE
Place of production, publication, distribution, manufacture Buenos Aires :
Name of producer, publisher, distributor, manufacturer Kapelusz
Date of production, publication, distribution, manufacture, or copyright notice 1960
300 ## - PHYSICAL DESCRIPTION
Extent xviii, 305 p.
Dimensions 19 cm.
505 ## - FORMATTED CONTENTS NOTE
Formatted contents note 1. La lógica - 2. El juicio - 3. El concepto - 4. La clasificación y la definición - 5. Los principios lógicos - 6. El razonamiento - 7. El silogismo - 8. La inducción y la analogía - 9. Teoría del conocimiento - 10. La verdad - 11. Posibilidad y límnites del conocimiento - 12. El origen de los conocimientos - 13. Crítica del conocimiento - 14. La ciencia - 15. El método, observación, experimentación, hipótesis y teoría - 16. La matemática - 17. Las ciencias físicas - 18. La biología - 19. La psicología - 20. La historía - 21. La sociología - 22. La logística - 23. La lógica indostánica
590 ## - LOCAL NOTE (RLIN)
Local note niveau_biblio:m niveau_hierar:0
942 ## - ADDED ENTRY ELEMENTS (KOHA)
Koha item type
Existencias
Withdrawn status Lost status Damaged status Not for loan Home library Current library Shelving location Date acquired Total checkouts Full call number Barcode Date last seen Price effective from Koha item type
        Biblioteca Prof. Eusebio Cleto del Rey Biblioteca Prof. Eusebio Cleto del Rey   07/04/2026   16 F254t 8ed. L20549 07/04/2026 07/04/2026 Libro
        Biblioteca Prof. Eusebio Cleto del Rey Biblioteca Prof. Eusebio Cleto del Rey   07/04/2026   16 F254t 8ed. L20960 07/04/2026 07/04/2026 Libro
        Biblioteca Prof. Eusebio Cleto del Rey Biblioteca Prof. Eusebio Cleto del Rey   07/04/2026   16 F254t 8ed. L20961 07/04/2026 07/04/2026 Libro
        Biblioteca Prof. Eusebio Cleto del Rey Biblioteca Prof. Eusebio Cleto del Rey   07/04/2026   16 F254t 8ed. L20962 07/04/2026 07/04/2026 Libro